|
|
|
|
| LEADER |
01289nab#a2200433#ar4500 |
| 001 |
000110219 |
| 003 |
SVKKK |
| 005 |
20130416095949.0 |
| 008 |
130416c2012 xo |||||||||||||||b|slo |
| FMT |
|
|
|
| 015 |
|
|
|a SNBRB2013/04
|
| 038 |
|
|
|a SVKKK
|
| 040 |
|
|
|a SVKKK
|b slo
|e AACR2
|
| 041 |
0 |
|
|a slo
|b eng
|
| 044 |
|
|
|a xo
|c SK
|
| 080 |
|
|
|a 55
|2 2008
|
| 080 |
|
|
|a 005.745
|2 2008
|
| 100 |
1 |
|
|a Németh, Zoltán
|4 aut
|
| 245 |
1 |
0 |
|a Z činnosti košickej pobočky Slovenskej geologickej spoločnosti v roku 2012
|c Zoltán Németh
|
| 246 |
3 |
1 |
|a The activities of the Slovak Geological Society, branch Košice, in 2012
|
| 300 |
|
|
|b Fotogr.
|
| 546 |
|
|
|a Res. angl.
|
| 610 |
2 |
4 |
|a Slovenská geologická spoločnosť (Košice, Slovensko)
|
| 648 |
0 |
4 |
|a 2012
|
| 650 |
0 |
4 |
|a geológia
|
| 650 |
0 |
4 |
|a vedecké semináre
|
| 650 |
0 |
4 |
|a konferencie
|
| 650 |
0 |
4 |
|a prednášky
|
| 651 |
|
4 |
|a východné Slovensko
|
| 773 |
0 |
|
|t Mineralia slovaca
|g Roč. 44, č.4 (2012)
|x 0369-2086
|
| 773 |
0 |
|
|i Príl.:
|t Geovestník
|g Č. 4 (2012), s. 22-24
|
| 958 |
|
|
|a SK
|
| 974 |
|
|
|a Va
|
| 992 |
|
|
|a RBX
|
| BAS |
|
|
|
| 852 |
|
|
|a SVKKK
|b BIB
|
| 856 |
4 |
1 |
|u http://www.geology.sk/new/sites/default/files/media/doc/min_slov/ms_2012/MS_4_2012_12_Geovestnik_str_22_30_NA%20WEB.pdf
|
| EXP |
|
|
|
| 998 |
|
|
|a GEO
|